000 01094nam a2200313 i 4500
003 EG-GICUC
005 20260121101516.0
008 251217s1977 ua ||||fr|||| 000 0 ara d
040 _a EG-GICUC
_bara
_c EG-GICUC
_d EG-GICUC
_erda
041 _aara
082 0 4 _221
_a343.6
_bف و . م
092 0 4 _221
099 _aLaw1 10 343.6 ف و . م 4 ed - 1977
100 0 _aفوزية عبدالستار
_eمؤلف.
245 1 0 _aمبادئ علم الإجرام وعلم العقاب /
_cالدكتورة فوزية عبدالستار.
250 _aالطبعة الرابعة
264 1 _aالقاهرة :
_bدار النهضة العربية,
_c1977.
300 _a447 صفحة :
_c24 سم
336 _2rda content
_atext
337 _2rda media
_aComputer
338 _2rda carrier
_aOnline Resource
546 _aالنص باللغة العربية
650 1 4 _aعلم الإجرام
_2qrmak
650 1 4 _aعلم العقاب
_2qrmak
651 1 _2qrmak
856 4 0 _uhttps://fll.law.cu.edu.eg/fulltext/bks/B10-07248.pdf
905 _a79
_eHassnaa
942 _2ddc
_cBK
_e21
_n0
999 _c51158
_d51158